Guess the Fusion Rock Song Lyrics #236 - Statistics

General Stats
  • This quiz has been taken 13 times
  • The average score is 184 of 276
Answer Stats
Answer % Correct
a
100%
And
91%
and
91%
be
91%
hear
91%
her
91%
I
91%
it
91%
love
91%
me
91%
my
91%
she
91%
to
91%
To
91%
we
91%
Ba
82%
ba
82%
Da
82%
da
82%
I'm
82%
of
82%
Oh
82%
on
82%
see
82%
she's
82%
so
82%
So
82%
that
82%
the
82%
there
82%
time
82%
you
82%
your
82%
can
73%
face
73%
good
73%
in
73%
Like
73%
ma
73%
make
73%
yeah
73%
all
64%
at
64%
city
64%
feel
64%
for
64%
got
64%
know
64%
she'll
64%
voice
64%
way
64%
Well
64%
woman
64%
banjo
55%
feels
55%
gotta
55%
man
55%
nights
55%
Sweet
55%
sweet
55%
friends
45%
long
45%
pa
45%
Stampeders
45%
Ah
36%
doo
36%
end
36%
lights
36%
line
36%
mornin
36%
new
36%
pretty
36%
touch
36%
waits
36%
almost
27%
evenin
27%
macaroons
27%
noon
27%
sing
27%
singin
27%
catch
18%
country
18%
dew
18%
Everybody
18%
feeds
18%
neighbors
18%
old
18%
shines
18%
shiny
18%
tenderness
18%
train
18%
tunes
18%
Woah
18%
familiar
9%
smothered
9%
son
0%
No matching quizzes found
Score Distribution
Percent of People with Each Score
Percentile by Number Answered
Your Score History
You have not taken this quiz